000 00537nam a22001937a 4500
005 20260422131445.0
008 260422b |||||||| |||| 00| 0 eng d
020 _a9789389393460
_c995.00
040 _aMAIN
041 _aEnglish
082 _a592
_bPAR
100 _aRastogi, Veer Bala (ed)
_926679
245 _aParker And Haswell Text Book Of Zoology Vertebrates
250 _a8th
260 _aNew Delhi
_bMedTech Science Press
_c2025
300 _a952
_bvol.2nd
650 _aBiological Science (PM USHA)
_926674
942 _cBK
999 _c60676
_d60676